Isra dan Mi'raj [

Bibliographic Details
Main Author: Haron Din
Format: Book
Published: Kuala Lumpur : KD Production , 19-
Subjects:

MARC

LEADER 00000cam a2200000 7i4500
001 0000002199
002 000002397
005 20081127.0
020 |a 000002397 
090 0 0 |a 297.23   |b HAR 
100 0 |a Haron Din 
245 0 0 |a Isra dan Mi'raj [  |h video recording]   |c Prof.Dato'Harun Din 
260 |a Kuala Lumpur :   |b KD Production ,   |c 19- 
300 |a 1 Video recording VHS (60 minutes) :   |b col.(PAL) 
500 |a Library has 1 copy 
650 0 0 |a Islamic religions   |x Experience   |x Life practice 
999 |a 00087   |b VIDEO   |c KOLEKSI AUDIO VIDEO   |e PERPUSTAKAAN KOMUNITI PETALING JAYA